Prolog and natural-Language analysis

Bibliographic Details
Main Author: Pereira, Fernando C. N.
Other Authors: Shicher, Stuart M.
Format: Book
Published: Mento Park,CA, Center for the Study of language and Information , 1987
Subjects:

MARC

LEADER 00000cam a2200000 7i4500
001 0000002217
005 20050420.0
020 |a 0937073180 
040 |a INS 
090 0 0 |a P98.   |b P47 1987 
100 1 |a Pereira, Fernando C. N. 
245 1 0 |a Prolog and natural-Language analysis   |c Fernando C. N. Pereira 
260 |a Mento Park,CA, Center for the Study of language and Information ,   |c 1987 
300 |a 266 p ;   |c 23 cm. 
650 0 0 |a Linguistic   |x Data processing 
650 0 0 |a Prolog (Computer program language) 
700 1 |a Shicher, Stuart M. 
999 |a 0000003784   |b BOOK   |c Open Shelf   |e Default branch